ECO-schools : Trends and divergences : A comparative study on ECO-school development processes in 13 countries

में बचाया:
ग्रंथसूची विवरण
मुख्य लेखक: Mogensen, Finn
स्वरूप: पुस्तक
भाषा:Undetermined
प्रकाशित: Vienna, Austria 2005
विषय:
टैग : टैग जोड़ें
कोई टैग नहीं, इस रिकॉर्ड को टैग करने वाले पहले व्यक्ति बनें!
Thư viện lưu trữ: Trung tâm Học liệu Trường Đại học Cần Thơ
LEADER 00676nam a2200193Ia 4500
001 CTU_130599
008 210402s9999 xx 000 0 und d
082 |a 372.357 
082 |b M743 
100 |a Mogensen, Finn 
245 0 |a ECO-schools : 
245 0 |b Trends and divergences : A comparative study on ECO-school development processes in 13 countries 
245 0 |c Finn Mogensen and Michela Mayer 
260 |a Vienna, Austria 
260 |c 2005 
650 |a Environmental protection,Environmental protection 
650 |x Study and teaching,Activity programs,Study and teaching ( Primary ) 
904 |i Minh 
980 |a Trung tâm Học liệu Trường Đại học Cần Thơ